La perspectiva en urban sketching: trucos y técnicas para dibujantes /
¿Crees que dibujar perspectivas es difícil? ¿Te parece que captar la profundidad del espacio, calcular las proporciones o incluso jugar con ellas es solo para expertos? ¡Estás totalmente equivocado! Tienes en tus manos el manual 100% práctico destinado a dibujar in situ perspectivas técnicamente per...
| Autor principal: | |
|---|---|
| Altres autors: | |
| Format: | Llibre |
| Idioma: | Spanish French |
| Publicat: |
Madrid:
Editorial Gustavo Gili,
2017.
|
| Edició: | Primera edición / |
| Matèries: |
MARC
| LEADER | 00000nam a2200000 i 4500 | ||
|---|---|---|---|
| 003 | Ucuenca | ||
| 005 | 20230626112257.0 | ||
| 006 | a||||fr|||| 001 0 | ||
| 007 | ta | ||
| 008 | 191214t20172015sp aaaafr|||| 001 0 spa a | ||
| 020 | |a 978-84-252-3000-4 | ||
| 040 | |a UCuenca-cdrjbv |b spa |c UCuenca |e rda | ||
| 041 | 1 | |a spa |h fre | |
| 082 | 0 | |2 22 |a 741.2 |c 29070596 | |
| 100 | 1 | |9 240438 |a Mollière, Bruno. |e autor | |
| 240 | 1 | |a Perspective & Croquis urbains. Trucs et astuces du randocroqueur. |l French | |
| 245 | 1 | 3 | |a La perspectiva en urban sketching: |b trucos y técnicas para dibujantes / |c Bruno Mollière, traducido por Rubén Martín Giráldez. |
| 250 | |a Primera edición / |b segunda reimpresión. | ||
| 264 | 1 | |a Madrid: |b Editorial Gustavo Gili, |c 2017. | |
| 264 | 4 | |c ©2015 | |
| 300 | |a 88 páginas: |b ilu |c 21 cm | ||
| 336 | |2 rdacontent |a texto |b txt | ||
| 337 | |2 rdamedia |a no mediado |b n | ||
| 338 | |2 rdacarrier |a volumen |b nc | ||
| 504 | |a ii | ||
| 520 | 3 | |a ¿Crees que dibujar perspectivas es difícil? ¿Te parece que captar la profundidad del espacio, calcular las proporciones o incluso jugar con ellas es solo para expertos? ¡Estás totalmente equivocado! Tienes en tus manos el manual 100% práctico destinado a dibujar in situ perspectivas técnicamente perfectas. Sin esquemas complicados ni teorías rebuscadas, estas páginas te enseñarán un sinfín de trucos y consejos para encontrar la línea de horizonte y las aristas que estructuran los dibujos, definir los puntos de fuga, medir las inclinaciones o realizar los trazos ordenadamente. ¡La guía más clara y sencilla para descubrir algunos de los secretos mejor guardados de los urban sketchers! | |
| 650 | 1 | 7 | |2 UCuenca-cdrjbv |9 2149 |a Dibujo |
| 650 | 1 | 7 | |a Arte |9 1435 |
| 700 | 1 | |9 240439 |a Martínez Giráldez, Rubén. |e traductor | |
| 942 | |2 ddc |c BK |r bladimir.cabrerar@ucuenca.edu.ec | ||
| 999 | |c 158531 |d 158531 | ||